00495 2200205 4500001002100000008004100021035002000062245005500082100001900137250000600156260003200162300001200194084001400206082000800220650001300228990001200241990001200253990001200265990001200277INLIS000000000000713 ind  a0010-0424000689 aHaving Fun With Microsoft Word 2010cSteffano Blee aBlee, Steffano a1 aYogyakarta :bSkriptac2011 a220 hlm a600 STE h a600 aNonfiksi a0721932 a0721933 a0721934 a0721935